000
00344nam a2200145Ia 4500
100
_a
LUTJEN/ D/ Ross. J.
490
_v
3
942
_c
BK
654
_a
Drawing for automative engg
245
_a
Technical Drawing for Automative Engg
260
_b
Deutsehe Gesellschaff
_a
Germany
_c
1986
300
_a
62
546
_a
ENGLISH
999
_c
35441
_d
35441